| Tag |
First Indicator |
Second Indicator |
Subfields |
| LEADER |
00000pam a2200000 a 4500 |
| 001 |
in00000071854 |
| 005 |
20151008062427.0 |
| 008 |
810209s1981 nyua b 10110 eng |
| 010 |
|
|
|a 81000858
|
| 020 |
|
|
|a 0444006079
|
| 035 |
|
|
|a (OCoLC)07282192
|
| 035 |
|
|
|9 AAK0203AM
|
| 039 |
0 |
|
|a 2
|b 3
|c 3
|d 3
|e 3
|
| 040 |
|
|
|a DLC
|c DLC
|d TXA
|d UtOrBLW
|
| 049 |
|
|
|a TXAM
|c [1441999]
|
| 050 |
0 |
0 |
|a QM550
|b .S92 1980
|
| 060 |
|
0 |
|a QS 504 Saalt 1980
|
| 082 |
0 |
|
|a 574.8
|
| 111 |
2 |
|
|a Symposium on Three Dimensional Microanatomy
|d (1980 :
|c Mexico City, Mexico)
|
| 245 |
1 |
0 |
|a Three dimensional microanatomy of cells and tissue surfaces :
|b proceedings of the Symposium on Three Dimensional Microanatomy held in Mexico City, Mexico, August 17-23, 1980 /
|c editors, Delmas J. Allen, Pietro M. Motta and Liberato J.A. DiDio.
|
| 264 |
|
1 |
|a New York, N.Y. :
|b Elsevier/North-Holland,
|c [1981]
|
| 264 |
|
4 |
|c ©1981
|
| 300 |
|
|
|a x, 372 pages :
|b illustrations ;
|c 24 cm.
|
| 336 |
|
|
|a text
|b txt
|2 rdacontent
|
| 337 |
|
|
|a unmediated
|b n
|2 rdamedia
|
| 338 |
|
|
|a volume
|b nc
|2 rdacarrier
|
| 504 |
|
|
|a Includes bibliographical references and index.
|
| 650 |
|
0 |
|a Histology
|x Congresses.
|
| 650 |
|
0 |
|a Cytology
|v Congresses.
|
| 650 |
|
0 |
|a Ultrastructure (Biology)
|
| 650 |
|
0 |
|a Stereoscopic views.
|
| 650 |
|
0 |
|a Scanning electron microscopes.
|
| 650 |
|
2 |
|a Histology
|x Congresses.
|
| 650 |
|
2 |
|a Microscopy, Electron
|x Congresses.
|
| 700 |
1 |
|
|a Allen, Delmas J.
|
| 700 |
1 |
|
|a Motta, Pietro M.
|
| 700 |
1 |
|
|a DiDio, Liberato J. A.,
|d 1920-
|
| 999 |
|
|
|a MARS
|
| 999 |
f |
f |
|s 42598d47-bfbb-3f4f-b147-bc69dbb79bb9
|i 2c2f5634-8e62-3913-b557-27d70c183178
|t 0
|
| 952 |
f |
f |
|p normal
|a Texas A&M University
|b College Station
|c Sterling C. Evans Library
|d Evans: Library Stacks
|t 0
|e QM550 .S92 1980
|h Library of Congress classification
|i unmediated -- volume
|m A14806222796
|
| 998 |
f |
f |
|a QM550 .S92 1980
|t 0
|l Evans: Library Stacks
|